Ben Çocukken | Çocukların Kalbine Dokunan Yazarlarla Söyleşiler (Kayıt no. 677154)

MARC ayrıntıları
000 -LEADER
sabit uzunluktaki kontrol alanı 00282nam a2200097Ia 4500
001 - KONTROL NUMARASI
kontrol alanı 677154
005 - EN SON İŞLEMİN TARİH VE ZAMANI
kontrol alanı 20250826161013.0
008 - SABİT-UZUNLUKTA VERİ ÖĞELERİ--GENEL BİLGİ
sabit uzunluktaki kontrol alanı 250824s9999 xx 000 0 und d
245 #0 - ESER / YAZAR
ESER ADI Ben Çocukken | Çocukların Kalbine Dokunan Yazarlarla Söyleşiler
Yazar Adı Vural Kaya
260 ## - YAYIN, DAĞITIM, VB.
YAYIN EVİ KAYALIPARK
Mevcut
Düşüm durumu Kayıp durumu Hasar Durumu Ödünç verilmez Ana kütüphane Geçerli Kütüphane Edinilen tarih Toplam ödünç verme sayısı Barkod Son görüntüleme tarihi Fiyatın geçerli olmaya başladığı tarih Koha materyal türü
        100. YIL AHMET HAŞHAŞ ORTAOKULU 100. YIL AHMET HAŞHAŞ ORTAOKULU 24.08.2025   10031400 26.08.2025 26.08.2025 Kitaplar
Gemini Bilgi Teknolojileri A.Ş. tarafından düzenlenmiştir.